Bramkarze SSC Napoli w XXI wieku - Statystyki

Ogólne statystyki
  • Ten quiz został rozwiązany 20 razy
    6 od ostatniego zresetowania
  • Średni wynik to 6 z 24
Statystyki odpowiedzi
Lata gry Narodowość Nazwisko % Poprawnych
2018-2022 Kolumbia David Ospina
100%
2018- Włochy Alex Meret
83%
2013-2014 2015-2018 Hiszpania Pepe Reina
83%
2009-2013 Włochy Morgan De Sanctis
67%
2014- Ukraina Nikita Contini
50%
2023-2024 Włochy Pierluigi Gollini
50%
2013-2018 Brazylia Rafael Cabral
33%
2021-2023 Włochy Davide Marfella
17%
2024- Włochy Elia Caprile
17%
2015-2016 Brazylia Gabriel
17%
2009-2018 Włochy Luigi Sepe
17%
2018-2020 Grecja Orestis Karnezis
17%
2025 Włochy Simone Scuffet
17%
2001 Włochy Alberto Fontana
0%
2011-2013 Włochy Antonio Rosati
0%
2000-2001 Włochy Francesco Mancini
0%
2007-2011 Włochy Gennaro Iezzo
0%
2009 Włochy Luca Bucci
0%
2000-2001 Włochy Luca Mondini
0%
2014-2015 Argentyna Mariano Andújar
0%
2007-2011 Włochy Matteo Gianello
0%
2008-2009 Argentyna Nicolás Navarro
0%
2012-2015 Włochy Roberto Colombo
0%
2014 Hiszpania Toni Doblas
0%
Nie znaleziono quizów pasujących do podanych kryteriów
Rozkład punktacji
Procent ludzi z każdym wynikiem
Percentyl według liczby udzielonych odpowiedzi
Twoja historia wyników
Nie rozwiązałeś tego quizu od ostatniego zresetowania